K niektorým charakteristickým rysom súčasných migračných procesov v Európe

Pozitíva a negatíva súčasných migračných procesov. Charakteristické znaky medzinárodnej migrácie v súčasnej Európe. Politika migrácie a imigrácie v Európe. Nová kategória - kvalifikovaní imigranti. Vypracovávanie migračnej politiky ako súboru inštrumentov na regulovanie zahraničnej migrácie.

Salvato in:
Dettagli Bibliografici
Autore principale: Liďák, Ján
Natura: Capitolo di libro
Lingua:slovacco
Soggetti:
Tags: Aggiungi Tag
Nessun Tag, puoi essere il primo ad aggiungerne!!

MARC

LEADER 00000naa$a2200000$$$4500
001 0102118
005 20240502072118.4
041 0 |a slo 
044 |a SK 
245 1 0 |a K niektorým charakteristickým rysom súčasných migračných procesov v Európe  |c Ján Liďák 
520 |a Pozitíva a negatíva súčasných migračných procesov. Charakteristické znaky medzinárodnej migrácie v súčasnej Európe. Politika migrácie a imigrácie v Európe. Nová kategória - kvalifikovaní imigranti. Vypracovávanie migračnej politiky ako súboru inštrumentov na regulovanie zahraničnej migrácie. 
610 2 0 |a migrácia 
610 2 0 |a imigrácia 
610 2 0 |a politika 
610 2 0 |a pracovníci kvalifikovaní 
610 2 0 |a Európa 
100 1 |a Liďák, Ján